000 00549nam a22001817a 4500
005 20231214075052.0
008 231214b |||||||| |||| 00| 0 eng d
020 _a9781485109723
041 _aEnglish
082 _a345 BUR
100 _aBurchell, J
_lEnglish
245 _aPrinciples of Criminal Law /
_cJ Burchell
250 _aFifth Edition
260 _aCape Town :
_bJuta and Company Law (Pty) Ltd,
_c2016
300 _blxxxi, 988 pages ;
_c25,5 cm.
650 _aLegal practice
_bLaw
942 _cBK
_6ALISON_BN_VRIES
999 _c1200
_d1200